000 00669nam a2200217 i 4500
003 DO-SdBNP
005 20231031150144.0
006 a||||gr|||| 00| 0
007 ta
008 231030e2013 dr ||||| |||| 00| 0 spa d
040 _aDO-SdBNP
_bspa
_cBNPHU
_erda
082 4 _222
_bP964g
245 0 0 _aPrograma General de actividades del año del bicentenario del natalicio de Juan Pablo Duarte:
_b1813 - 2013. /
264 1 _aSanto Domingo :
_bCPEP,
_c2013
300 _a71 páginas ;
_c21 cm.
336 _2rdacontent
_atexto
_btxt
337 _2rdamedia
_asin mediación
_bn
338 _2rdacarrier
_avolumen
_bnc
590 _aInventariado 2023 / MF
942 _2ddc
_cLBS1
999 _c55332
_d55332